| 000 | 00363nam a2200133Ia 4500 | ||
|---|---|---|---|
| 008 | 210210b1976 xxu||||| |||| 00| 0 eng d | ||
| 082 | _a954 SINW | ||
| 100 | _aSINGH (Khushwant). | ||
| 245 | _aWar and peace in India, Pakistan and Bangladesh. | ||
| 260 |
_aNew Delhi. _bHind Pocket Books., _c1976 |
||
| 300 | _a152 | ||
| 690 | _aIndian History | ||
| 906 | _aSG01246 | ||
| 999 |
_c112908 _d112908 |
||